000 00281nam a22001337a 4500
008 170621b xxu||||| |||| 00| 0 eng d
020 _a0813379326
041 _aeng
080 _a32
100 _a20
101 _aSHP
245 _aEAST ASIAN DYNAMISM
_cCHAN,S
942 _2udc
_cBK
999 _c18453
_d18453